00442nam a22001577a 4500003000400000005001700004008004100021020001500062040002900077050003200106100001700138245003900155260005100194300002000245650001900265OSt20260521091542.0260521b |||||||| |||| 00| 0 eng d a0440201500 cChuka University Library aPS 551 .M37 1988b.M37 1988 aMarx Robert aFamous American Plays of the 1980s aNew York,New york 10103bDell Publishingc1988 avarious pagings aAmerican Drama